| 000 | 00863nam a2200313 a 4500 | ||
|---|---|---|---|
| 001 | 31145 | ||
| 003 | AR-BaAGN | ||
| 005 | 20231207144919.0 | ||
| 007 | ta | ||
| 008 | 220625s1999 ag |||||r|||| ||||||spa d | ||
| 020 | _a950-581-723-1 | ||
| 040 |
_dAR-BaAGN _aAR-BaAGN _bspa _eaacr |
||
| 100 | 1 | _aMolina y Vedia, Juan | |
| 245 | 1 | 0 | _aMi Buenos Aires herido |
| 250 | _a1ª ed. | ||
| 260 |
_aBuenos Aires : _bColihue, _c1999. |
||
| 300 |
_a278 páginas : _bil. col. y byn , planos , fot. col. y byn y mapas de Buenos Aires |
||
| 336 |
_2rdacontent _btxt |
||
| 337 |
_2rdamedia _bn |
||
| 338 |
_2rdacarrier _bnc |
||
| 650 | 4 |
_aCONTRABANDO _91614 |
|
| 650 | 4 |
_aDEMOGRAFÍA _91634 |
|
| 650 | 4 |
_aURBANIZACIÓN _92013 |
|
| 651 | 4 |
_aBuenos Aires _94086 |
|
| 942 | _cLIBRO | ||
| 999 |
_c31145 _d31145 |
||